| 000 | 00998nam a22002537a 4500 | ||
|---|---|---|---|
| 005 | 20170124103052.0 | ||
| 010 | _a609782 | ||
| 020 | _c5.00 | ||
| 035 | _a609782 | ||
| 037 | _bCen Lib/Ret | ||
| 040 |
_aDPL _bHN |
||
| 082 |
_aउ _bअमृता |
||
| 100 |
_aअमृता प्रीतम _970860 |
||
| 245 |
_aजलावतन और काला गुलाब / _cअमृता प्रीतम |
||
| 246 |
_aJalawatan aur kaala gulab / _bby Amrita Pritam |
||
| 260 |
_aदिल्ली _bराजपाल एंड संस _c1969 |
||
| 270 |
_aकश्मीरी गेट _bदिल्ली _e110006 |
||
| 300 |
_a169पृ. _c17सेमी (सजिल्द) |
||
| 650 |
_aहिन्दी साहित्य _970861 |
||
| 650 |
_aहिन्दी साहित्य -- उपन्यास _946379 |
||
| 650 |
_aHindi literature _970862 |
||
| 650 |
_aHindi literature -- Novel _970863 |
||
| 942 |
_2ddc _cHN _hउ _mअमृता |
||
| 999 |
_c117217 _d117217 |
||